Statistiques concernant Pays les plus proches de la Guinée-Bissau - sprint d'une minute

Cliquez ici pour prendre le quiz!

Statistiques générales

  • Ce quiz a été pris 46 fois
  • Le résultat moyen est 15 sur 20

Statistiques - réponses

kmpays% Correct
0Sénégal
100%
208Mali
95%
0Guinée
89%
249Sierra Leone
89%
1657Algérie
86%
637Côte d'Ivoire
86%
1668Maroc
86%
280Mauritanie
86%
61Gambie
84%
1586Bénin
81%
1511Niger
81%
1479Togo
81%
519Liberia
78%
900Burkina Faso
76%
1832Nigeria
76%
1188Ghana
73%
758Cabo Verde
68%
2225Portugal
19%
1674Espagne
16%
921Sahara occidental
8%

Distribution des résultats

Percentile par nombre de réponses

% des personnes avec chaque résultat

Votre développement - résultats

Vous n’avez pas pris ce quiz